| 000 | 00576nam a22001817a 4500 | ||
|---|---|---|---|
| 008 | 130719t xxu||||| |||| 00| 0 eng d | ||
| 020 | _a2-89105-342-7 | ||
| 040 |
_aBUAC _cCDIRSP |
||
| 041 | _aFr | ||
| 100 |
_aToussignant R, Morissette D _925551 |
||
| 245 | _aLes principes de la mesure et de l'évaluation des apprentissages | ||
| 250 |
_a2 è Ed. _bRevue et augmentée |
||
| 260 |
_aQuébec : _bgaetan morin éditeur, _c1990 |
||
| 300 | _a237 p. | ||
| 500 | _aCompr.Bibliogr. et Index | ||
| 653 |
_aEvaluation, apprentissages _aPrincipes, mesures |
||
| 942 | _cLIVR | ||
| 999 |
_c51947 _d51947 |
||